| 000 | 00457nam a2200193Ia 4500 | ||
|---|---|---|---|
| 008 | 210210b1957 xxu||||| |||| 00| 0 eng d | ||
| 041 | _aeng | ||
| 082 | _a531/22 | ||
| 100 | _aBROOKS (William O) | ||
| 245 | _aModern physical science | ||
| 260 |
_aNew York _bHenry Holt and Company _c1957 |
||
| 300 | _aix,630 | ||
| 650 | _ascience | ||
| 650 | _aphysical | ||
| 650 | _aModern | ||
| 690 | _aPhysics | ||
| 700 | _aTRACY (George R) | ||
| 906 | _a008223 | ||
| 999 |
_c126125 _d126125 |
||